Are These Bands Still Active? - #3 - Statistics

General Stats
  • This quiz has been taken 19 times
  • The average score is 10 of 15
Answer Stats
Question Answer % Correct
AC/DC Active
100%
Genesis Disbanded
100%
Nickelback Active
80%
Fall Out Boy Active
80%
Fleetwood Mac Disbanded
80%
Bee Gees Disbanded
80%
The Who Active
60%
My Chemical Romance Active
60%
Cream Disbanded
60%
Rush Disbanded
60%
The Band Disbanded
60%
The Steve Miller Band Active
40%
Earth, Wind & Fire Active
40%
Chicago Active
40%
Soundgarden Disbanded
40%
No matching quizzes found
Score Distribution
Percent of People with Each Score
Percentile by Number Answered
Your Score History
You have not taken this quiz